00928nam a22002537a 450000500170000001000130001702000220003003500130005203700160006504000120008108200150009310000260010824501230013426000390025727000560029630000190035265000370037165000490040870000270045770000250048494200240050999900190053395201220055220170124110132.0 aB-063998 c00.00a0333934660 aB-063998 bCen Lib/Ret aDPLbEN a650.1bGUI aGuid, Anthony 932285 aIce :cby Anthony Guid, Kirk Atkinson [and] Mike Larkin brevitalize your company with internal consulting expertise / aNew Delhi bMacmillan India c2000 bNew Delhi a2/10, Ansari Road, Dariya Ganj e110002 a134p.c21m(Hb) aManaging Human resources 932286 aOptimizing information technology z 932287 aAtkinson, Kirk 932288 aLarkin, Mike 932289 2ddccENh650.1mGUI c131618d131618 00104070aLbLd2015-07-15eCen Lib/Retg0.00l0o650.1 GUIpB-063998r2015-07-15 00:00:00t1v0.00w2015-07-15yEN